Importance of serving notice (Record no. 72072)

MARC details
000 -LEADER
fixed length control field 02215cam a2200313 4500
001 - CONTROL NUMBER
control field ABS66342
008 - FIXED-LENGTH DATA ELEMENTS--GENERAL INFORMATION
fixed length control field 030206n2003 000 0 eng u
035 ## - SYSTEM CONTROL NUMBER
System control number (Sirsi) u121262
100 ## - MAIN ENTRY--PERSONAL NAME
Personal name Klein, R.
245 ## - TITLE STATEMENT
Title Importance of serving notice
260 ## - PUBLICATION, DISTRIBUTION, ETC.
Date of publication, distribution, etc. 2003
490 ## - SERIES STATEMENT
Series statement Construction News
Volume/sequential designation (6798) 9 January 2003, 21(1)
490 ## - SERIES STATEMENT
Series statement Building
Volume/sequential designation 268 (8265) 9 January 2002, 62(1)
520 ## - SUMMARY, ETC.
Summary, etc. Points out that when a court rules that a contractor should be paid in a dispute, the payer must issue a withholding notice if it wishes to pursue its claim or it could face a winding-up order. In the recent case of "Guardi Shoes v Datum Contracts" (ChD [2002] CILL 1934) Guardi (G) complained there were a significant number of defects in the work carried out by their shopfitting contractors Datum (D) and refused to allow D to return to remedy the alleged defects, and refused further payment. D took the matter to adjudication, which set a sum of £108 000 to be paid to D. Payments were begun in instalments, but then G defaulted. D issued a statutory demand for the unpaid amount, giving G 21 days to satisfy payment or face presentation of a winding-up petition, which duly took place. G cross-claimed for the defects, arguing they were likely to equal or exceed the remaining due amount. The judge ruled G had not taken the opportunity to serve a counternotice, and ruled a notice must be served within five days of the due payment date, which can double as a withholding notice, or risk a statutory demand for payment.
590 ## - LOCAL NOTE (RLIN)
Local note ABS
650 ## - SUBJECT ADDED ENTRY--TOPICAL TERM
Topical term or geographic name entry element MANAGEMENT-DISPUTE AVOIDANCE, MANAGEMENT AND RESOLUTION-DISPUTE MANAGEMENT AND RESOLUTION-ALTERNATIVE DISPUTE RESOLUTION-ADJUDICATION
650 ## - SUBJECT ADDED ENTRY--TOPICAL TERM
Topical term or geographic name entry element SERVING NOTICES
650 ## - SUBJECT ADDED ENTRY--TOPICAL TERM
Topical term or geographic name entry element GUARDI SHOES LTD V DATUM CONTRACTS
650 ## - SUBJECT ADDED ENTRY--TOPICAL TERM
Topical term or geographic name entry element CONTRACTORS PAYMENTS
650 ## - SUBJECT ADDED ENTRY--TOPICAL TERM
Topical term or geographic name entry element CONSTRUCTION DISPUTES
650 ## - SUBJECT ADDED ENTRY--TOPICAL TERM
Topical term or geographic name entry element WITHHOLDING NOTICES
650 ## - SUBJECT ADDED ENTRY--TOPICAL TERM
Topical term or geographic name entry element WINDING-UP ORDERS
650 ## - SUBJECT ADDED ENTRY--TOPICAL TERM
Topical term or geographic name entry element STATUTORY DEMAND
650 ## - SUBJECT ADDED ENTRY--TOPICAL TERM
Topical term or geographic name entry element HOUSING GRANTS, CONSTRUCTION AND REGENERATION ACT 1996 S111
650 ## - SUBJECT ADDED ENTRY--TOPICAL TERM
Topical term or geographic name entry element SUMMARY JUDGMENTS
650 ## - SUBJECT ADDED ENTRY--TOPICAL TERM
Topical term or geographic name entry element COUNTERNOTICES
690 ## - LOCAL SUBJECT ADDED ENTRY--TOPICAL TERM (OCLC, RLIN)
Topical term or geographic name as entry element MANGEMENT-DISPUTE AVOIDANCE, MANAGEMENT AND RESOLUTION-DISPUTE MANAGEMENT AND RESOLUTION
942 ## - ADDED ENTRY ELEMENTS (KOHA)
Suppress in OPAC 0
Holdings
Withdrawn status Lost status Source of classification or shelving scheme Damaged status Not for loan Home library Current library Shelving location Date acquired Total Checkouts Full call number Barcode Date last seen Copy number Price effective from Koha item type
    Dewey Decimal Classification     London London Journal article 06/02/2003   ABS66342 121262-1001 06/08/2019 1 06/08/2019 Journal article